000 00354nam a2200133Ia 4500
008 170516s9999 xx 000 0 und d
245 4 _aThe Smart Drug Delivery System and Its Clinical Potential
260 _bTheranostics
260 _c2016
300 _a6:9
650 _xMedical Technology
650 _xMedtech
856 _uhttp://www.thno.org/v6i9
999 _c330849
_d330849